000 00339 a2200157 4500
001 57014
020 _a8570563612
040 _cAnchieta - Pituba
100 _aNoronha, Tereza
240 1 0 _aO príncipe fantasma
_lpor
245 1 0 _aO príncipe fantasma
300 _a95
362 0 _a1998
650 4 _aLiteratura juvenil
942 _cBK
999 _c57014
_d57014